[Event "DEM U10/U10w 2015"]
[Site "Willingen GER"]
[Date "2015.05.30"]
[Round "11"]
[White "Krastev, Alexander"]
[Black "Musiolik, David"]
[Result "1/2-1/2"]
[Termination "normal"]
[Board "1"]
[WhiteElo "1940"]
[BlackElo "1629"]
[WhiteClock "01:03:02"]
[BlackClock "00:42:03"]
[PlyCount "40"]
[WhiteFideId "12989983"]
[BlackFideId "12972355"]
[EventCountry "GER"]
[EventRounds "11"]
[EventType "swiss"]
[EventDate "2015.05.23"]

1. e4 e6 2. Nf3 d5 3. Nc3 Nf6 4. e5 Nfd7 5. d4 c5 6. dxc5 Bxc5 7. Bd3 Nc6 8.
Bf4 a6 9. O-O O-O 10. Bxh7+ Kxh7 11. Ng5+ Kg6 12. Qd3+ f5 13. Qg3 Qe7 14. Nxe6+
Kh7 15. Ng5+ Kg8 16. Nxd5 Qe8 17. Qh4 Qg6 18. Rfe1 Ne7 19. Nc7 Ra7 20. Nce6 Rf7
1/2-1/2

[Event "DEM U10/U10w 2015"]
[Site "Willingen GER"]
[Date "2015.05.30"]
[Round "11"]
[White "Haufe, Laurin"]
[Black "Bethke, Richard"]
[Result "0-1"]
[Termination "normal"]
[Board "2"]
[WhiteElo "1575"]
[BlackElo "1655"]
[WhiteClock "00:25:47"]
[BlackClock "00:56:19"]
[PlyCount "112"]
[WhiteFideId "12976504"]
[BlackFideId "12959243"]
[EventCountry "GER"]
[EventRounds "11"]
[EventType "swiss"]
[EventDate "2015.05.23"]

1. e4 e5 2. Nf3 Nc6 3. d4 exd4 4. Nxd4 Bc5 5. Be3 Qf6 6. c3 Nge7 7. Bc4 Ne5 8.
Be2 g5 9. Nd2 d5 10. a4 c6 11. b4 Bb6 12. Qb3 Qg6 13. f3 Be6 14. Qb1 dxe4 15.
Nxe4 Nd5 16. Bd2 Rd8 17. Nxe6 fxe6 18. Qc1 Nf4 19. Bxf4 gxf4 20. Qxf4 Qxg2 21.
Rf1 Nd3+ 22. Bxd3 Rxd3 23. Nd6+ Ke7 24. Nc4 Be3 25. Qh4+ Bg5 26. Qf2 Qxf2+ 27.
Kxf2 Rxc3 28. Ne5 Bf4 29. Rfe1 Rc2+ 30. Kf1 Bxe5 31. Rxe5 Rxh2 32. Kg1 Rh6 33.
Rae1 Rf8 34. Kf2 Kd6 35. R5e3 Rf5 36. Re4 Rhf6 37. R1e3 Rf4 38. Rd3+ Ke7 39.
Rxf4 Rxf4 40. Rb3 e5 41. Kg3 Ke6 42. a5 b6 43. b5 c5 44. axb6 axb6 45. Ra3 Rb4
46. Ra7 Rxb5 47. Rxh7 c4 48. Kf2 c3 49. Ke2 Rd5 50. Rh6+ Kd7 51. Rxb6 c2 52. f4
c1=Q 53. fxe5 Rxe5+ 54. Kf3 Qe3+ 55. Kg2 Rg5+ 56. Kh2 Qg3+ 0-1

[Event "DEM U10/U10w 2015"]
[Site "Willingen GER"]
[Date "2015.05.30"]
[Round "11"]
[White "Marschall, Tillmann"]
[Black "Lutz, Ruben"]
[Result "0-1"]
[Termination "normal"]
[Board "3"]
[WhiteElo "1423"]
[BlackElo "1524"]
[WhiteClock "00:12:31"]
[BlackClock "00:26:19"]
[PlyCount "108"]
[WhiteFideId "12973220"]
[BlackFideId "12975974"]
[EventCountry "GER"]
[EventRounds "11"]
[EventType "swiss"]
[EventDate "2015.05.23"]

1. e4 e6 2. d4 d5 3. Nc3 Nf6 4. e5 Nfd7 5. f4 c5 6. Nf3 Nc6 7. Be3 Be7 8. Be2
O-O 9. O-O b6 10. Qd2 f5 11. Rad1 cxd4 12. Bxd4 Nc5 13. Kh1 Bd7 14. a3 Rc8 15.
Bf2 Ne4 16. Qd3 Nxf2+ 17. Rxf2 Bc5 18. Rff1 Be8 19. b4 Be7 20. Nd4 Nxd4 21.
Qxd4 Qc7 22. Ba6 Qxc3 23. Bxc8 Qxc8 24. Rc1 Bb5 25. Rf3 Qc7 26. Qc3 Rc8 27.
Qxc7 Rxc7 28. Kg1 Rc4 29. Kf2 Re4 30. Re1 Rxe1 31. Kxe1 Kf7 32. Kd2 Ke8 33. Kc3
Kd7 34. Kd4 Bc4 35. Rg3 Bf8 36. h4 a5 37. c3 Kc6 38. Rf3 Kb5 39. Ke3 Ka4 40.
Rh3 Kxa3 41. bxa5 bxa5 42. Rh1 Kb2 43. Kd2 a4 44. Rc1 a3 45. Rc2+ Kb3 46. Kc1
a2 47. Rxa2 Kxa2 48. Kd1 Kb3 49. Kd2 Bc5 50. Kd1 Kxc3 51. Kc1 d4 52. Kd1 d3 53.
Ke1 d2+ 54. Kd1 Kd3 0-1

[Event "DEM U10/U10w 2015"]
[Site "Willingen GER"]
[Date "2015.05.30"]
[Round "11"]
[White "Pubantz, Jan"]
[Black "Wagner, Leopold Franziskus"]
[Result "1/2-1/2"]
[Termination "normal"]
[Board "4"]
[WhiteElo "1363"]
[BlackElo "1803"]
[WhiteClock "00:04:11"]
[BlackClock "00:08:49"]
[PlyCount "55"]
[WhiteFideId "12996114"]
[BlackFideId "1641581"]
[EventCountry "GER"]
[EventRounds "11"]
[EventType "swiss"]
[EventDate "2015.05.23"]

1. e4 c6 2. d4 d5 3. Nc3 dxe4 4. Nxe4 Nf6 5. Nxf6+ gxf6 6. Nf3 Bf5 7. Bc4 e6 8.
Be3 Nd7 9. Qd2 Bd6 10. O-O-O Qc7 11. h3 O-O-O 12. Rhe1 Nb6 13. Bb3 Rhg8 14. g4
Be4 15. Qe2 Bg6 16. Nd2 f5 17. Nc4 Nd5 18. Nxd6+ Qxd6 19. Bg5 Rde8 20. Qe5 Qf8
21. Bf6 Nxf6 22. Qxf6 Qh6+ 23. Re3 f4 24. Rf3 Rd8 25. Qxf4 Qf8 26. Qe5 Qb4 27.
a3 Qb6 28. Qc5 1/2-1/2

[Event "DEM U10/U10w 2015"]
[Site "Willingen GER"]
[Date "2015.05.30"]
[Round "11"]
[White "Kosev, Momchil"]
[Black "Weihrauch, Jakob"]
[Result "1/2-1/2"]
[Termination "normal"]
[Board "5"]
[WhiteElo "1391"]
[BlackElo "1594"]
[WhiteClock "00:16:04"]
[BlackClock "00:30:10"]
[PlyCount "65"]
[WhiteFideId "12975982"]
[BlackFideId "16210115"]
[EventCountry "GER"]
[EventRounds "11"]
[EventType "swiss"]
[EventDate "2015.05.23"]

1. d4 Nf6 2. Nf3 c5 3. c4 e6 4. g3 Nc6 5. Bg2 d5 6. O-O b6 7. Nc3 Bb7 8. Bg5
Be7 9. Rc1 cxd4 10. Nxd4 Nxd4 11. Qxd4 h6 12. Bf4 Bc5 13. Qd2 O-O 14. Be5 Ne4
15. Nxe4 dxe4 16. Qc2 f5 17. Rfd1 Qe7 18. Qa4 Rfd8 19. e3 Rac8 20. a3 a5 21.
Bf1 Bc6 22. Qb3 Rxd1 23. Rxd1 Rd8 24. h3 Rd7 25. Be2 Qd8 26. Bc3 g5 27. Rxd7
Qxd7 28. Qd1 Qxd1+ 29. Bxd1 Kf7 30. Bh5+ Kf8 31. b4 axb4 32. axb4 Bd6 33. b5
1/2-1/2

[Event "DEM U10/U10w 2015"]
[Site "Willingen GER"]
[Date "2015.05.30"]
[Round "11"]
[White "Röhr, Oliver"]
[Black "Evering, Sören"]
[Result "0-1"]
[Termination "normal"]
[Board "6"]
[WhiteElo "1453"]
[BlackElo "1712"]
[WhiteClock "01:12:17"]
[BlackClock "01:15:37"]
[PlyCount "30"]
[WhiteFideId "12987697"]
[BlackFideId "12974650"]
[EventCountry "GER"]
[EventRounds "11"]
[EventType "swiss"]
[EventDate "2015.05.23"]

1. e4 e5 2. Nf3 Nc6 3. d4 exd4 4. Nxd4 Nf6 5. Nxc6 bxc6 6. e5 Qe7 7. Qe2 Nd5 8.
c4 Ba6 9. b3 Qh4 10. g3 Qd4 11. Bb2 Bb4+ 12. Nd2 Qxb2 13. Rd1 Nc3 14. Qf3 Nxd1
15. Qxd1 Qxe5+ 0-1

[Event "DEM U10/U10w 2015"]
[Site "Willingen GER"]
[Date "2015.05.30"]
[Round "11"]
[White "Hetzner, Hannes"]
[Black "Colbow, Collin"]
[Result "1-0"]
[Termination "normal"]
[Board "7"]
[WhiteElo "1361"]
[BlackElo "1489"]
[WhiteClock "00:29:46"]
[BlackClock "00:04:20"]
[PlyCount "73"]
[WhiteFideId "16211936"]
[BlackFideId "16201132"]
[EventCountry "GER"]
[EventRounds "11"]
[EventType "swiss"]
[EventDate "2015.05.23"]

1. e4 e5 2. f4 exf4 3. Nf3 Ne7 4. d4 d5 5. Nc3 dxe4 6. Nxe4 Nd5 7. Qe2 Qe7 8.
c4 Ne3 9. Bxe3 fxe3 10. Nc3 Be6 11. Qxe3 Bf5 12. Qxe7+ Bxe7 13. Nd5 Bd8 14. Kd2
O-O 15. Re1 Be6 16. Nf4 Bf5 17. Bd3 Bxd3 18. Kxd3 Nd7 19. Nd5 c6 20. Ne7+ Bxe7
21. Rxe7 Rad8 22. Rhe1 b6 23. Ne5 Nxe5+ 24. R1xe5 a5 25. Rb7 Rb8 26. Ree7 b5
27. cxb5 cxb5 28. d5 Rfd8 29. Kd4 Rdc8 30. Rxb8 Rxb8 31. d6 Kf8 32. Kd5 Rc8 33.
Rc7 Rd8 34. Kc6 b4 35. Re7 a4 36. Re1 Ra8 37. d7 1-0

[Event "DEM U10/U10w 2015"]
[Site "Willingen GER"]
[Date "2015.05.30"]
[Round "11"]
[White "Lutz, Adam"]
[Black "Stockmann, Till"]
[Result "1/2-1/2"]
[Termination "normal"]
[Board "8"]
[WhiteElo "1481"]
[BlackElo "1442"]
[WhiteClock "00:54:32"]
[BlackClock "00:55:03"]
[PlyCount "53"]
[WhiteFideId "16226615"]
[BlackFideId "12979341"]
[EventCountry "GER"]
[EventRounds "11"]
[EventType "swiss"]
[EventDate "2015.05.23"]

1. e4 c5 2. Nf3 a6 3. d4 cxd4 4. Nxd4 Nf6 5. Nc3 e5 6. Nb3 Bb4 7. Bd3 d5 8.
exd5 Nxd5 9. Bd2 Nxc3 10. Bxc3 Bxc3+ 11. bxc3 O-O 12. O-O Qg5 13. Qf3 f5 14.
Qg3 Qxg3 15. fxg3 Nc6 16. g4 f4 17. h3 h6 18. Rae1 Re8 19. Be4 Na7 20. Nc5 Rb8
21. a4 g5 22. Rb1 b6 23. Rfd1 Bxg4 24. Nxa6 Bxd1 25. Nxb8 Bxc2 26. Bd5+ Kh8 27.
Rxb6 1/2-1/2

[Event "DEM U10/U10w 2015"]
[Site "Willingen GER"]
[Date "2015.05.30"]
[Round "11"]
[White "Bui, Bao Anh Le"]
[Black "Deutsch, Christoph"]
[Result "1-0"]
[Termination "normal"]
[Board "9"]
[WhiteElo "1660"]
[BlackElo "1291"]
[PlyCount "115"]
[WhiteFideId "12970719"]
[BlackFideId "16206878"]
[EventCountry "GER"]
[EventRounds "11"]
[EventType "swiss"]
[EventDate "2015.05.23"]

1. e4 e5 2. Nf3 Nc6 3. Bc4 Nf6 4. d3 d6 5. c3 Be6 6. Bb3 Be7 7. O-O O-O 8. Re1
Qd7 9. Nbd2 Bxb3 10. Nxb3 Rfe8 11. Bg5 Nd8 12. Nh4 Ne6 13. Bxf6 Bxf6 14. Nf5
Nf4 15. Qg4 Rad8 16. Re3 Kh8 17. g3 Ng6 18. Qh5 c6 19. Rf1 Nf8 20. g4 g6 21.
Qh6 gxf5 22. Qxf6+ Kg8 23. gxf5 Qc7 24. Rg3+ Ng6 25. fxg6 fxg6 26. Kh1 Rf8 27.
Qe6+ Kg7 28. h4 Rde8 29. Qh3 Kh8 30. Kg2 Re7 31. Rf3 Rfe8 32. Re1 Rg7 33. Ree3
Qe7 34. Rg3 Reg8 35. Nd2 Qc7 36. Nb3 Qe7 37. Ref3 Qc7 38. Qe6 Qd8 39. Qf6 Qd7
40. h5 gxh5 41. Rxg7 Qxg7+ 42. Qxg7+ Rxg7+ 43. Rg3 b6 44. Rxg7 Kxg7 45. Nd2 Kf6
46. Kg3 d5 47. Kh4 Kg6 48. Nf3 dxe4 49. dxe4 Kf6 50. Kxh5 Ke6 51. Kg5 a6 52. c4
c5 53. a4 a5 54. b3 Kd6 55. Kf5 h5 56. Nxe5 h4 57. Ng4 h3 58. e5+ 1-0

[Event "DEM U10/U10w 2015"]
[Site "Willingen GER"]
[Date "2015.05.30"]
[Round "11"]
[White "Jahrke, Jonas"]
[Black "Kirchner, Markus"]
[Result "0-1"]
[Termination "normal"]
[Board "10"]
[WhiteElo "1372"]
[BlackElo "1633"]
[PlyCount "116"]
[WhiteFideId "12984353"]
[BlackFideId "12979163"]
[EventCountry "GER"]
[EventRounds "11"]
[EventType "swiss"]
[EventDate "2015.05.23"]

1. Nf3 Nf6 2. g3 d6 3. Bg2 Nbd7 4. O-O g6 5. d4 Bg7 6. c4 O-O 7. Nc3 e5 8. dxe5
dxe5 9. e4 c6 10. b4 a5 11. b5 Qc7 12. a4 cxb5 13. Nxb5 Qxc4 14. Ba3 Nxe4 15.
Bxf8 Bxf8 16. Rc1 Qa2 17. Nxe5 Nxe5 18. Bxe4 Bg4 19. Qd5 Qxd5 20. Bxd5 Bb4 21.
Rc7 Re8 22. f4 Nd7 23. Rfc1 b6 24. Bc6 Bc5+ 25. Kf1 Re7 26. Bxd7 Bxd7 27. R1xc5
bxc5 28. Rxc5 Bh3+ 29. Kf2 Bg4 30. Nc3 Ra7 31. Ne4 Kg7 32. Nc3 Bd7 33. Nb5 Ra6
34. Nc7 Rc6 35. Rxc6 Bxc6 36. Nb5 Kf6 37. Ke3 Ke6 38. Nd4+ Kd5 39. Nxc6 Kxc6
40. Kd3 Kc5 41. Kc3 h5 42. h3 f6 43. g4 h4 44. f5 gxf5 45. gxf5 Kd5 46. Kb3 Kd4
47. Kb2 Kc4 48. Kc2 Kd4 49. Kb3 Kd3 50. Kb2 Ke3 51. Kc3 Kf4 52. Kc4 Kg3 53. Kb5
Kxh3 54. Kxa5 Kg4 55. Kb6 h3 56. a5 h2 57. a6 h1=Q 58. Ka7 Qc6 0-1

[Event "DEM U10/U10w 2015"]
[Site "Willingen GER"]
[Date "2015.05.30"]
[Round "11"]
[White "Zeuner, Ole"]
[Black "Toval, David"]
[Result "0-1"]
[Termination "normal"]
[Board "11"]
[WhiteElo "1484"]
[BlackElo "1528"]
[PlyCount "112"]
[WhiteFideId "12943576"]
[BlackFideId "12992755"]
[EventCountry "GER"]
[EventRounds "11"]
[EventType "swiss"]
[EventDate "2015.05.23"]

1. e4 e6 2. d4 d5 3. Nc3 dxe4 4. Nxe4 Nd7 5. Nf3 Ngf6 6. Bd3 Nxe4 7. Bxe4 Nf6
8. Bd3 c5 9. O-O cxd4 10. Bb5+ Bd7 11. Bxd7+ Qxd7 12. Nxd4 Bc5 13. Nb3 Bb6 14.
Bf4 O-O 15. c4 Rac8 16. Rc1 Rfd8 17. Qxd7 Rxd7 18. c5 Bc7 19. Bxc7 Rdxc7 20.
Rfd1 h6 21. h3 Ne4 22. Rd4 Nxc5 23. Nxc5 Rxc5 24. Rxc5 Rxc5 25. Rd7 Rb5 26. b3
a5 27. Kh2 b6 28. Rd6 Kf8 29. Rd7 Rc5 30. Rb7 b5 31. Ra7 b4 32. Kg3 g5 33. f3
Kg7 34. Ra6 Kg6 35. Kh2 h5 36. Kg3 h4+ 37. Kh2 Kf5 38. Kg1 Kf4 39. Kh2 Ke5 40.
Ra7 f5 41. Ra6 Kd5 42. Ra7 Kd4 43. Ra6 e5 44. Rg6 e4 45. Rxg5 exf3 46. gxf3
Rc2+ 47. Kg1 Ke5 48. Rh5 Kf4 49. Rxh4+ Kg3 50. Rc4 Rxa2 51. Kf1 Kxf3 52. Ke1
Ke3 53. Kd1 f4 54. Rc5 f3 55. Rf5 f2 56. Re5+ Kf4 0-1

[Event "DEM U10/U10w 2015"]
[Site "Willingen GER"]
[Date "2015.05.30"]
[Round "11"]
[White "Schmidt, Pauline"]
[Black "Breß, Aaron"]
[Result "0-1"]
[Termination "normal"]
[Board "12"]
[WhiteElo "1184"]
[BlackElo "1674"]
[PlyCount "44"]
[WhiteFideId "16209850"]
[BlackFideId "12996432"]
[EventCountry "GER"]
[EventRounds "11"]
[EventType "swiss"]
[EventDate "2015.05.23"]

1. e4 c5 2. Nc3 Nc6 3. Nge2 g6 4. g3 Bg7 5. Bg2 e6 6. O-O Nge7 7. d3 O-O 8. Be3
Nd4 9. Qd2 Nec6 10. a3 d6 11. h3 a6 12. g4 Qc7 13. f4 f5 14. Rac1 Rb8 15. Qe1
b5 16. Ng3 a5 17. Qd1 b4 18. Nce2 Nxe2+ 19. Qxe2 Bxb2 20. Rb1 bxa3 21. h4 a2
22. Rxb2 Rxb2 0-1

[Event "DEM U10/U10w 2015"]
[Site "Willingen GER"]
[Date "2015.05.30"]
[Round "11"]
[White "Prieb, Robert"]
[Black "Schröder, Lennart"]
[Result "1/2-1/2"]
[Termination "normal"]
[Board "13"]
[WhiteElo "1426"]
[BlackElo "1339"]
[PlyCount "110"]
[WhiteFideId "16212002"]
[BlackFideId "16222490"]
[EventCountry "GER"]
[EventRounds "11"]
[EventType "swiss"]
[EventDate "2015.05.23"]

1. d4 d5 2. c4 c6 3. Nf3 Nf6 4. Nc3 dxc4 5. a4 Bf5 6. Ne5 Nbd7 7. Nxc4 Nb6 8.
Ne5 e6 9. Bg5 Be7 10. e3 O-O 11. Bd3 Bxd3 12. Qxd3 Rc8 13. O-O c5 14. dxc5 Rxc5
15. Qxd8 Rxd8 16. Nf3 Nfd5 17. Nxd5 Rcxd5 18. Rac1 Kf8 19. Rc7 R5d7 20. Rxd7
Nxd7 21. Bxe7+ Kxe7 22. Rc1 Nc5 23. a5 Nb3 24. Rc7+ Kf6 25. Kf1 Nxa5 26. b4 Nc6
27. Rxb7 Rb8 28. Rxb8 Nxb8 29. Nd4 a6 30. Ke2 e5 31. Nc2 Ke6 32. Kd3 Kd5 33.
e4+ Kd6 34. Kc4 Kc6 35. Ne3 g6 36. Nd5 Nd7 37. g3 Kd6 38. f4 Kc6 39. Ne7+ Kd6
40. Nd5 Kc6 41. h3 h6 42. Ne7+ Kd6 43. Nd5 Kc6 44. Ne7+ Kd6 45. Ng8 h5 46. Nh6
Ke6 47. f5+ Ke7 48. g4 hxg4 49. hxg4 gxf5 50. Nxf5+ Ke6 51. g5 Nf8 52. Ng7+ Kd6
53. Nf5+ Ke6 54. Ng7+ Kd6 55. Nf5+ Ke6 1/2-1/2

[Event "DEM U10/U10w 2015"]
[Site "Willingen GER"]
[Date "2015.05.30"]
[Round "11"]
[White "Lohvinov, Petro"]
[Black "Farokhi, Keyvan"]
[Result "1-0"]
[Termination "normal"]
[Board "14"]
[WhiteElo "1418"]
[BlackElo "1262"]
[PlyCount "110"]
[WhiteFideId "14176661"]
[BlackFideId "12998630"]
[EventCountry "GER"]
[EventRounds "11"]
[EventType "swiss"]
[EventDate "2015.05.23"]

1. e4 e6 2. d4 d5 3. Nd2 dxe4 4. Nxe4 Nd7 5. Nf3 Ngf6 6. Nxf6+ Nxf6 7. Bd3 b6
8. O-O Bb7 9. Re1 Be7 10. c3 O-O 11. Bg5 h6 12. Bh4 Rc8 13. Bc2 c5 14. Rc1 Bxf3
15. Qxf3 cxd4 16. Red1 e5 17. cxd4 exd4 18. Qd3 g5 19. Bg3 Bc5 20. Be5 Re8 21.
Qf5 Re6 22. Bb3 Rec6 23. Qg6+ Kh8 24. Qxh6+ Kg8 25. Qxg5+ Kf8 26. Qh6+ Ke7 27.
Re1 Kd7 28. Ba4 Be7 29. Bxc6+ Rxc6 30. Qh3+ Re6 31. Rc7+ Ke8 32. Qh8+ Bf8 33.
Rcc1 Ng4 34. Bc7 Qd7 35. Rxe6+ fxe6 36. Qh5+ Ke7 37. Qxg4 d3 38. Qg5+ Ke8 39.
Qd8+ Qxd8 40. Bxd8 Kxd8 41. Rd1 Kc7 42. Rxd3 Bd6 43. h4 Kd7 44. h5 Ke7 45. h6
Kf7 46. Rxd6 Kg8 47. Rxe6 a5 48. f4 Kh8 49. g4 Kg8 50. g5 b5 51. f5 b4 52. g6
b3 53. axb3 a4 54. h7+ Kh8 55. f6 axb3 1-0

[Event "DEM U10/U10w 2015"]
[Site "Willingen GER"]
[Date "2015.05.30"]
[Round "11"]
[White "Kodalle, Dominik"]
[Black "Hommer, Jeremy"]
[Result "1/2-1/2"]
[Termination "normal"]
[Board "15"]
[WhiteElo "1230"]
[BlackElo "1570"]
[PlyCount "53"]
[WhiteFideId "16208722"]
[BlackFideId "12992577"]
[EventCountry "GER"]
[EventRounds "11"]
[EventType "swiss"]
[EventDate "2015.05.23"]

1. e4 c6 2. d4 d5 3. Nc3 dxe4 4. Nxe4 Nf6 5. Nxf6+ exf6 6. c3 Bd6 7. Bd3 O-O 8.
Qc2 h6 9. Ne2 Qc7 10. Bd2 Be6 11. O-O-O b5 12. c4 bxc4 13. Bxc4 Bxc4 14. Qxc4
Nd7 15. Ng3 Nb6 16. Qc2 Nd5 17. Ne4 Be7 18. Nc5 Rfd8 19. Qc4 Qb6 20. Nb3 Qb5
21. Qxb5 cxb5 22. Kb1 Bd6 23. Na5 Bf4 24. Nc6 Rd6 25. Ne7+ Nxe7 26. Bxf4 Rd5
27. Rhe1 1/2-1/2

[Event "DEM U10/U10w 2015"]
[Site "Willingen GER"]
[Date "2015.05.30"]
[Round "11"]
[White "Simukov, Erik"]
[Black "Schubert, Nikita"]
[Result "0-1"]
[Termination "normal"]
[Board "17"]
[WhiteElo "1515"]
[BlackElo "1216"]
[PlyCount "74"]
[WhiteFideId "12995380"]
[BlackFideId "16212339"]
[EventCountry "GER"]
[EventRounds "11"]
[EventType "swiss"]
[EventDate "2015.05.23"]

1. e4 e5 2. Nf3 Nc6 3. Bb5 a6 4. Ba4 b5 5. Bb3 Nf6 6. O-O Be7 7. Re1 O-O 8. c3
Bb7 9. d4 d6 10. Nbd2 Qd7 11. Nf1 Rad8 12. Ng3 h6 13. Nf5 Rfe8 14. N3h4 Nh7 15.
Qh5 Bxh4 16. Qg6 Bf6 17. Bxf7+ Kh8 18. Bxe8 Qxe8 19. Qxe8+ Rxe8 20. d5 Ne7 21.
Nxe7 Rxe7 22. a4 bxa4 23. Rxa4 Ng5 24. Rb4 c6 25. dxc6 Bxc6 26. f3 Rb7 27. Rc4
Bb5 28. Rb4 Rc7 29. Rd1 Be7 30. Re1 Ne6 31. Rb3 Nc5 32. Ra3 Nd3 33. Rd1 d5 34.
Ra1 Bc5+ 35. Kf1 Nxc1+ 36. Ke1 Nd3+ 37. Kd2 Nxb2 0-1

[Event "DEM U10/U10w 2015"]
[Site "Willingen GER"]
[Date "2015.05.30"]
[Round "11"]
[White "Mailitis, Ricardo"]
[Black "Stillbauer, Jan"]
[Result "1-0"]
[Termination "normal"]
[Board "18"]
[WhiteElo "1370"]
[BlackElo "1146"]
[PlyCount "113"]
[WhiteFideId "12977535"]
[BlackFideId "16239393"]
[EventCountry "GER"]
[EventRounds "11"]
[EventType "swiss"]
[EventDate "2015.05.23"]

1. Nf3 d5 2. e3 Nc6 3. d4 Nf6 4. Nc3 Bg4 5. h3 Bh5 6. g4 Bg6 7. Bb5 a6 8. Bxc6+
bxc6 9. Ne5 Be4 10. Nxe4 Nxe4 11. c4 f6 12. Nxc6 Qd6 13. Qa4 Qd7 14. cxd5 Qxd5
15. Nb4+ Qb5 16. Qxb5+ axb5 17. Nd5 Rc8 18. Nc3 Nxc3 19. bxc3 e5 20. dxe5 fxe5
21. Bb2 Bc5 22. O-O-O O-O 23. Rd5 Bd6 24. Rd2 b4 25. cxb4 Bxb4 26. Rc2 Bd6 27.
Rd1 Rf3 28. Rxd6 Rxh3 29. Rd7 Rh1+ 30. Kd2 Rh2 31. Ke2 Rh4 32. Rcxc7 Rxc7 33.
Rxc7 Rxg4 34. Bxe5 h5 35. Rc8+ Kh7 36. Rc1 h4 37. Rh1 Kg6 38. Bh2 h3 39. Rg1
Kg5 40. Rxg4+ Kxg4 41. a4 Kf5 42. a5 Ke6 43. a6 Ke7 44. a7 g5 45. a8=Q g4 46.
Qb7+ Ke6 47. Qc8+ Kf7 48. Qxg4 Kf6 49. Qf4+ Ke6 50. Qe5+ Kd7 51. Qd6+ Ke8 52.
Qe6+ Kf8 53. Bd6+ Kg7 54. Be5+ Kf8 55. Bf6 h2 56. Qe7+ Kg8 57. Qg7# 1-0

[Event "DEM U10/U10w 2015"]
[Site "Willingen GER"]
[Date "2015.05.30"]
[Round "11"]
[White "Schauties, Nico Antonio"]
[Black "Gericke, Luis"]
[Result "1-0"]
[Termination "normal"]
[Board "19"]
[WhiteElo "1457"]
[BlackElo "1220"]
[PlyCount "155"]
[WhiteFideId "16206371"]
[BlackFideId "16212525"]
[EventCountry "GER"]
[EventRounds "11"]
[EventType "swiss"]
[EventDate "2015.05.23"]

1. d4 d5 2. c4 c6 3. Nc3 Nf6 4. Nf3 Bf5 5. Bf4 e6 6. e3 Nbd7 7. a3 Be7 8. Be2
O-O 9. O-O Ne4 10. Nd2 Bg5 11. Bxg5 Qxg5 12. f4 Qe7 13. Ncxe4 Bxe4 14. Nxe4
dxe4 15. b4 Kh8 16. Qc2 f5 17. Rfb1 Rg8 18. Bf1 g5 19. g3 gxf4 20. exf4 Qg7 21.
Qd2 h5 22. Rb3 h4 23. Bg2 Qh6 24. Qf2 h3 25. Bf1 Rg7 26. Rc1 Rag8 27. Rcc3 Nf6
28. Be2 Ng4 29. Bxg4 Rxg4 30. a4 Rxf4 31. Qe2 Rfg4 32. Kf1 Qg6 33. Qf2 f4 34.
b5 fxg3 35. Rxg3 Rxg3 36. Rxg3 Qh5 37. Qf6+ Kh7 38. Qe7+ Kh8 39. Rxg8+ Kxg8 40.
Qxe6+ Qf7+ 41. Qxf7+ Kxf7 42. Ke2 Ke6 43. Ke3 Kf5 44. c5 a6 45. bxc6 bxc6 46.
a5 Kf6 47. Kxe4 Ke6 48. Ke3 Kf5 49. Kf3 Ke6 50. Ke4 Kd7 51. d5 cxd5+ 52. Kxd5
Kc7 53. c6 Kc8 54. Kc4 Kd8 55. Kb4 Kc8 56. Kc5 Kc7 57. Kd5 Kc8 58. Ke5 Kc7 59.
Kf4 Kxc6 60. Kg3 Kb5 61. Kxh3 Kxa5 62. Kg4 Kb4 63. h4 Ka3 64. h5 a5 65. h6 a4
66. h7 Ka2 67. h8=Q a3 68. Qc3 Kb1 69. Qxa3 Kc2 70. Kf3 Kb1 71. Ke4 Kc2 72. Kd4
Kb1 73. Qh3 Ka2 74. Kc4 Kb2 75. Kb4 Ka2 76. Qg2+ Ka1 77. Kb3 Kb1 78. Qb2# 1-0

[Event "DEM U10/U10w 2015"]
[Site "Willingen GER"]
[Date "2015.05.30"]
[Round "11"]
[White "Dietz, Kristin"]
[Black "Kruse, Kilian"]
[Result "0-1"]
[Termination "normal"]
[Board "20"]
[WhiteElo "1249"]
[BlackElo "1346"]
[PlyCount "124"]
[WhiteFideId "12993743"]
[BlackFideId "16205413"]
[EventCountry "GER"]
[EventRounds "11"]
[EventType "swiss"]
[EventDate "2015.05.23"]

1. e4 c5 2. Nf3 Nc6 3. d4 cxd4 4. Nxd4 Nf6 5. Nc3 e5 6. Ndb5 d6 7. Bg5 a6 8.
Na3 b5 9. Nd5 Be7 10. Bxf6 Bxf6 11. c3 O-O 12. Nc2 Be6 13. Bd3 Bg5 14. O-O Ne7
15. Nce3 Bxe3 16. Nxe3 d5 17. Bc2 dxe4 18. Bxe4 Rc8 19. Bb7 Rb8 20. Bf3 f5 21.
Nc2 e4 22. Be2 Qc7 23. Nd4 Qb6 24. Qc2 Ra8 25. Rfc1 Rfd8 26. Nxe6 Qxe6 27. Rd1
Rxd1+ 28. Qxd1 Nc6 29. Qf1 Kf8 30. f3 e3 31. c4 b4 32. b3 Nd4 33. Bd3 g6 34.
Re1 Qb6 35. Kh1 Re8 36. Qg1 f4 37. g3 Nxf3 38. Qf1 Nxe1 39. Qxe1 f3 40. Qf1 Qc6
41. Be2 f2+ 42. Qg2 f1=R+ 43. Bxf1 Qxg2+ 44. Kxg2 e2 45. Bxe2 Rxe2+ 46. Kf3
Rxa2 47. h4 Ra3 48. Kf4 Rxb3 49. g4 h6 50. g5 h5 51. Ke5 Rf3 52. Kd6 Rf5 53.
Ke6 b3 54. c5 Rxc5 55. Kd7 b2 56. Kd6 Rb5 57. Kd7 b1=Q 58. Kd8 Qd3+ 59. Kc7 Ke7
60. Kc6 Qd5+ 61. Kc7 Rb7+ 62. Kc8 Qd7# 0-1

[Event "DEM U10/U10w 2015"]
[Site "Willingen GER"]
[Date "2015.05.30"]
[Round "11"]
[White "Laux, Dominik"]
[Black "Kurzweil, Nalani"]
[Result "1-0"]
[Termination "normal"]
[Board "21"]
[WhiteElo "1273"]
[BlackElo "1209"]
[PlyCount "123"]
[WhiteFideId "12994219"]
[BlackFideId "12985694"]
[EventCountry "GER"]
[EventRounds "11"]
[EventType "swiss"]
[EventDate "2015.05.23"]

1. d4 d5 2. Nf3 c6 3. Bf4 Nf6 4. e3 Qb6 5. Qc1 Bf5 6. Nbd2 h6 7. h3 e6 8. Be2
a6 9. O-O c5 10. c3 Nc6 11. a3 cxd4 12. cxd4 Rc8 13. b4 Qd8 14. Qb2 Bd6 15.
Bxd6 Qxd6 16. Rac1 O-O 17. Ne5 Ne4 18. Nxc6 Nxd2 19. Qxd2 Rxc6 20. Rxc6 Qxc6
21. Rc1 Qd7 22. Qc3 Qa4 23. Bd1 Qd7 24. a4 Qe7 25. a5 Qg5 26. Kh2 Qh4 27. f3 g5
28. Bc2 Qf2 29. Bxf5 exf5 30. Rc2 Qf1 31. Qc5 Qb1 32. Rc1 Qb2 33. Qc3 Qf2 34.
Rc2 Qf1 35. Qb3 Qd1 36. Qa2 Re8 37. Rc3 Qe1 38. Qb3 Kg7 39. Rd3 Qe2 40. Rc3 Qd2
41. Rc7 Rxe3 42. Qxd5 Re6 43. Qxe6 Qf4+ 44. Kg1 Qxd4+ 45. Kf1 Qd1+ 46. Qe1 Qd3+
47. Kg1 Qd4+ 48. Kh1 Qd6 49. Rxb7 h5 50. Qc3+ Kg8 51. Qe1 Kf8 52. Qc1 g4 53.
Qc5 Qxc5 54. bxc5 g3 55. c6 Ke8 56. Rd7 f4 57. Rd1 h4 58. c7 f5 59. c8=Q+ Kf7
60. Qd7+ Kg8 61. Qc7 Kh8 62. Rd8# 1-0